| 000 | 01878nam1a2200361 i 4500 | ||
|---|---|---|---|
| 001 | RU\NLR\bibl\1095239 | ||
| 005 | 20260409072407.0 | ||
| 035 | _a(NLR Aleph) 001082356 | ||
| 090 |
_a1066542 _c1066542 |
||
| 100 | _a20070606g20059999k y0rusy50 ca | ||
| 101 | 0 | _arus | |
| 102 | _aRU | ||
| 105 | _a||||z ||||| | ||
| 200 | 1 |
_aАктуальные проблемы сельскохозяйставенной науки и образования _eсборник научных трудов II Международной научно-практической конференции _f[отв. ред. Петрова С.С.] |
|
| 210 |
_aСамара _cСамарская ГСХА _d2005 |
||
| 215 | _d19 | ||
| 300 | _aВ надзаг.: Федер. агентство по сел. хоз-ву, Деп. науч.-техн. политики и образования, ФГОУ ВПО "Самар. гос. с.-х. акад." | ||
| 463 | 0 | _10011089667 | |
| 463 | 0 | _10011089674 | |
| 463 | 0 | _10011089679 | |
| 606 | 1 |
_aСельское хозяйство _jСъезды, совещания и т.п. _9896357 _3RU\NLR\auth\664909 |
|
| 606 |
_aОбразование _jСъезды, совещания и т.п. _3RU\NLR\auth\661010307 _91614809 |
||
| 686 | _aУ32(2Р)я431 | ||
| 686 | _aП.я431(0) | ||
| 686 | _aЧ34я431 | ||
| 702 | 1 |
_4340 _7ca _8rus _aПетрова _bС. С. _cканд. техн. наук, физ. воспитание _gСветлана Станиславовна _97943 _3RU\NLR\AUTH\7724893 |
|
| 712 | 0 | 2 |
_4570 _aСамарская государственная сельскохозяйственная академия _3RU\NLR\AUTH\8824409 _9323549 |
| 801 | 0 |
_aRU _bNLR _c20070606 _gRCR |
|
| 801 | 1 |
_aRU _bNLR _c20070606 |
|
| 852 |
_aNLR _j2007-3/15702 |
||
| 942 | _cBOOK | ||